Guess the Singers by their Picture - Statistics

General Stats
  • This quiz has been taken 415 times
  • The average score is 8 of 10
Answer Stats
Picture Answer % Correct
Taylor Swift
97%
Ariana Grande
96%
Billie Eilish
96%
Justin Bieber
96%
Selena Gomez
95%
Drake
94%
Olivia Rodrigo
86%
Eminem
84%
Juice WRLD
57%
Kodak Black
21%
No matching quizzes found
Score Distribution
Percent of People with Each Score
Percentile by Number Answered
Your Score History
You have not taken this quiz